Περί γεωμετρικού κέντρου : σημείων, γραμμών, επιφανειών και όγκων, αναρμονικαί συντεταγμέναι

Αποθηκεύτηκε σε:
Λεπτομέρειες βιβλιογραφικής εγγραφής
Κύριος συγγραφέας: Παπαναστασίου, Σωκράτης
Μορφή: Βιβλίο
Γλώσσα:Greek
Δημοσίευση: Αθήναι : Τυπό - πολυγραφήσεις Κ.Πιππά, 1959.
Θέματα:
Ετικέτες: Προσθήκη ετικέτας
Δεν υπάρχουν, Καταχωρήστε ετικέτα πρώτοι!

MARC

LEADER 00000cam a2200000 a 4500
001 1/114766
008 170831s1959####gr | ||| |||| ||gre||
040 |a GR-MyUa  |b gre  |c GR-MyUa  |e AACR2 
041 0 |a gre 
082 7 |a 516  |2 (23) 
100 1 |a Παπαναστασίου, Σωκράτης. 
245 1 0 |a Περί γεωμετρικού κέντρου :   |b σημείων, γραμμών, επιφανειών και όγκων, αναρμονικαί συντεταγμέναι /   |c Σωκράτους Παπαναστασίου.  
260 |a Αθήναι :   |b Τυπό - πολυγραφήσεις Κ.Πιππά,   |c 1959.  
300 |a 97 σ. ;   |c 24 εκ.  
650 0 |a Geometry. 
852 |a INST  |b SAMOS  |c MAG  |e 20170831  |h 516 ΠΑΠ  |p 005300034384  |q 005300034384  |t BK  |y 0 
970 |a Φιλιππή  |b Φάλη  |z 31-08-2017